[Event "Nordic-chT U17"]
[Site "Fredericia"]
[Date "2023.01.22"]
[Round "5.2"]
[White "Andries, Alf"]
[Black "Bacherikov, Alexander"]
[Result "1-0"]
[WhiteElo "1936"]
[BlackElo "1647"]
[PlyCount "155"]
[EventDate "2023.01.20"]
[EventType "team-tourn"]
[EventRounds "5"]
[EventCountry "DEN"]
[SourceTitle "CBM 213 Extra"]
[Source "ChessBase"]
[SourceDate "2023.05.31"]
[SourceVersion "1"]
[SourceVersionDate "2023.05.31"]
[SourceQuality "1"]
[WhiteTeam "Denmark II"]
[BlackTeam "Finland"]
[WhiteTeamCountry "DEN"]
[BlackTeamCountry "FIN"]

1. e4 e6 2. d4 d5 3. Nd2 c5 4. exd5 exd5 5. Bb5+ Nc6 6. Qe2+ Be7 7. dxc5 Nf6 8. Ngf3 0-0 9. 0-0 Bxc5 10. Nb3 Bb6 11. h3 Bf5 12. Bg5 Qd6 13. Rad1 Qe6 14. Bxf6 gxf6 15. c3 Kh8 16. Nbd4 Nxd4 17. Nxd4 Bxd4 18. Rxd4 Bxh3 19. Qxe6 Bxe6 20. Be2 Rad8 21. Rfd1 Rd7 22. Bf3 Rfd8 23. g3 Kg7 24. Kg2 h6 25. Rh1 f5 26. Rhd1 Kg6 27. Rh1 Kg7 28. Rhd1 Kg6 29. Be2 a6 30. Bd3 Kg5 31. Rh1 Rh8 32. Be2 f6 33. Bh5 f4 34. Rxf4 f5 35. Re1 Kxh5 36. Rxe6 Kg5 37. Rh4 f4 38. Rxf4 h5 39. Re5+ Kg6 40. Rd4 Rhd8 41. f4 Rd6 42. Re2 Kf5 43. Kh3 R8d7 44. Re5+ Kg6 45. Rg5+ Kh6 46. Kh4 Rb6 47. b3 Rc7 48. Rd3 Rbc6 49. Rxh5+ Kg6 50. Rhxd5 Rxc3 51. Rd6+ Kf5 52. Kh3 Rc2 53. Rd2 Rh7+ 54. Kg2 Rc3 55. R2d3 Rxd3 56. Rxd3 Rc7 57. Kf3 Rc2 58. g4+ Kf6 59. a3 Ra2 60. Rd6+ Ke7 61. Rb6 Rxa3 62. Rxb7+ Ke6 63. Rb6+ Ke7 64. g5 a5 65. Kg4 a4 66. bxa4 Rxa4 67. Kf5 Kf7 68. Rb7+ Kf8 69. Kg6 Rxf4 70. Rb8+ Ke7 71. Kg7 Rg4 72. g6 Rg1 73. Rb2 Rg3 74. Re2+ Kd7 75. Kf7 Rf3+ 76. Kg8 Rg3 77. g7 Rg1 78. Re4 1-0

[Event "Nordic-chT U17"]
[Site "Fredericia"]
[Date "2023.01.21"]
[Round "2.2"]
[White "Bacherikov, Alexander"]
[Black "Li, Nikolaj"]
[Result "1-0"]
[WhiteElo "1647"]
[BlackElo "1547"]
[PlyCount "49"]
[EventDate "2023.01.20"]
[EventType "team-tourn"]
[EventRounds "5"]
[EventCountry "DEN"]
[SourceTitle "CBM 213 Extra"]
[Source "ChessBase"]
[SourceDate "2023.05.31"]
[SourceVersion "1"]
[SourceVersionDate "2023.05.31"]
[SourceQuality "1"]
[WhiteTeam "Finland"]
[BlackTeam "Denmark"]
[WhiteTeamCountry "FIN"]
[BlackTeamCountry "DEN"]

1. e4 e6 2. d4 d5 3. exd5 exd5 4. Nf3 Bd6 5. Bd3 Nf6 6. 0-0 0-0 7. c3 Re8 8. Bg5 Nbd7 9. Nbd2 h6 10. Bh4 b6 11. Qc2 Bb7 12. Bf5 Nf8 13. Rfe1 Be7 14. Ne5 c5 15. f4 Qd6 16. Kh1 Bc8 17. g4 Bxf5 18. Qxf5 cxd4 19. cxd4 Rac8 20. g5 hxg5 21. fxg5 g6 22. Qf3 N6d7 23. Nxf7 Rc2 24. Nxd6 Rxd2 25. Nxe8 1-0